Tomorrow, the stars ; a science fiction anthology.

Bibliographic Details
Main Author: Heinlein, Robert A. (Robert Anson), 1907-1988
Format: Book
Language:English
Published: Garden City, N.Y. : Doubleday, 1952.
Edition:[1st ed.].
Series:Doubleday science fiction.
Subjects:

MARC

Tag First Indicator Second Indicator Subfields
LEADER 00000cam a2200000 4500
001 in00000076362
005 20151008052659.0
008 750327s1952 nyu 00001 eng
010 |a  52005218  
035 |a (OCoLC)01240835 
035 |9 AAH4434AM 
040 |c NAM  |d TXA  |d UtOrBLW 
049 |a TXAS  |c [1102762] 
050 0 0 |a PZ1.H36  |b To 
100 1 |a Heinlein, Robert A.  |q (Robert Anson),  |d 1907-1988. 
245 1 0 |a Tomorrow, the stars ;  |b a science fiction anthology. 
250 |a [1st ed.]. 
264 1 |a Garden City, N.Y. :  |b Doubleday,  |c 1952. 
300 |a 249 pages ;  |c 21 cm. 
336 |a text  |b txt  |2 rdacontent 
337 |a unmediated  |b n  |2 rdamedia 
338 |a volume  |b nc  |2 rdacarrier 
490 1 |a Doubleday science fiction 
650 0 |a Science fiction. 
830 0 |a Doubleday science fiction. 
999 |a MARS 
999 f f |s 1ea35074-47cb-372a-8765-ff221b706ef0  |i d5cafe95-6fc3-322e-a028-8a5534132cea  |t 0 
952 f f |p noncirc  |a Texas A&M University  |b College Station  |c Cushing Memorial Library & Archives  |d Cushing: Science Fiction (Does not check out)  |t 0  |e PZ1.H36 To  |h Library of Congress classification  |i unmediated -- volume  |m A14800398507 
998 f f |a PZ1.H36 To  |t 0  |l Cushing: Science Fiction (Does not check out)